00405nam a2200145Ia 4500008004100000020001800041041000800059082001000067100001200077245008800089250001200177260004400189300001200233650001400245240725s2021 xx und d a9788194727668 aeng a613.2 aBANDANA aTEXTBOOK OF APPLIED NUTRITION AND DIETETICS - FOR UNDERGRATUATE NURSING STUDENTS  a1 STED  aNEW DELHIbVISION HEALTH SCIENCESc2021 aXI, 356 aNUTRITION